| 000 | 01382cam a2200385 4500 | ||
|---|---|---|---|
| 008 | 090401t1993 xxu||||| |||| 00| 0 eng d | ||
| 020 | _a1857280512 | ||
| 035 | _a(Sirsi) u45538 | ||
| 041 | _aeng | ||
| 050 | _a333.33709492 | ||
| 100 | _aNeedham, D.B. | ||
| 245 | _aUrban land and property markets in the Netherlands. | ||
| 260 |
_aLondon _bUCL Press Limited _c1993 |
||
| 300 | _axv,228p. ; 24cm. | ||
| 350 | _a60 | ||
| 490 |
_aUCL Press European Urban Land and Property Markets _v1 |
||
| 520 | _aFirst of a series of books on the operation of the urban land and property markets in six European countries based on the EuProMa Project, which was commissioned by the German government and supervised by the University of Dortmund. The research for this volume was carried out at the University of Nijmegen and includes case studies from Nijmegen, Amsterdam, Rotterdam, and Leeuwarden. | ||
| 650 | _aEUPROMA PROJECT | ||
| 650 | _aHOUSE PRICES | ||
| 650 | _aINDUSTRIAL PROPERTY | ||
| 650 | _aLAND MARKET | ||
| 650 | _aLAND PRICES | ||
| 650 | _aOFFICES | ||
| 650 | _aPROPERTY MARKET | ||
| 650 | _aRENT | ||
| 650 | _aSHOPS | ||
| 650 | _aUNIVERSITY OF DORTMUND | ||
| 650 | _aURBAN AREAS | ||
| 690 | _aOVERSEAS-EUROPE | ||
| 700 | _aKruijt, B. | ||
| 700 | _aKoenders, P. | ||
| 710 |
_aUniversity of Nijmegen _9484 |
||
| 942 | _n0 | ||
| 948 | _c04/03/1997 | ||
| 999 |
_c91754 _d91754 |
||